Entry Personal Name
Number of records used in: 1
001 - CONTROL NUMBER
003 - CONTROL NUMBER IDENTIFIER
005 - DATE AND TIME OF LATEST TRANSACTION
- control field:
20200123093719.0
008 - FIXED-LENGTH DATA ELEMENTS
- fixed length control field:
900110n| azannaab |n aaa
010 ## - LIBRARY OF CONGRESS CONTROL NUMBER
- LC control number:
n 90601780
040 ## - CATALOGING SOURCE
- Original cataloging agency:
DLC
- Transcribing agency:
DLC
- Description conventions:
rda
- Modifying agency:
DLC
046 ## - SPECIAL CODED DATES
100 1# - HEADING--PERSONAL NAME
- Personal name:
Moffett, Michael H.
670 ## - SOURCE DATA FOUND
- Source citation:
nuc90-2220: His The international interbank market, 1986
- Information found:
(hdg. on ViU-L rept.: Moffett, Michael H.; usage: Michael H. Moffett)
670 ## - SOURCE DATA FOUND
- Source citation:
Eiteman, D.K. Multinational business finance, 1991:
- Information found:
CIP t.p. (Michael H. Moffett; Oregon State Univ.)
670 ## - SOURCE DATA FOUND
- Source citation:
Moffett, Michael H. Multinational business finance, 2004:
- Information found:
CIP t.p. (Michael Moffett) data sh. (Michael H. Moffett)
670 ## - SOURCE DATA FOUND
- Source citation:
Managing human resources in the oil and gas industry, 2016:
- Information found:
eCIP t.p. (Michael Moffett) data view screen (b. 5/2/56; Continental Grain Professorship in Finance and Associate Professor, Thunderbird School of Global Management)